Pays les plus proches de golfe Persique - une minute sprint - Statistiques

Statistiques générales
  • Ce quiz a été pris 45 fois
  • Le résultat moyen est 15 sur 22
Statistiques - réponses
km pays % Correct
0 Arabie Saoudite
97%
0 Irak
97%
0 Iran
97%
0 Oman
97%
551 Yémen
91%
0 Émirats arabes unis
89%
0 Qatar
86%
0 Koweït
83%
0 Bahreïn
80%
1181 Liban
77%
440 Pakistan
77%
1198 Israël
74%
846 Syrie
71%
863 Jordanie
69%
502 Afghanistan
66%
1128 Inde
63%
843 Turquie
63%
890 Azerbaïdjan
34%
968 Arménie
31%
1208 Géorgie
29%
1036 Turkménistan
26%
1207 Russie
23%
Aucun quiz correspondant
Distribution des résultats
% des personnes avec chaque résultat
Percentile par nombre de réponses
Votre historique - résultats
Vous n’avez pas pris ce quiz